000 00645nam a22001577a 4500
003 OSt
005 20151104143416.0
008 151104b xxu||||| |||| 00| 0 eng d
040 _cRUA
082 _aFOR MEY 1996 B123 Or.1
100 _93344
_aMEY, MENGLIM.
245 _aSATUDY on seedlings production project at kraingyov (samdach hun sen development center), សិក្សាគំរោងបណ្ដុះកូនឈើនៅស្ថានីយ៍អភិវឌ្ឍន៍ក្រាំងយ៉ូវ សម្ដេច ហ៊ុន សែន
260 _aPhnom Penh
_bRUA
_c1996
300 _a78p.
_bill.
_c29cm.
942 _2ddc
_cFOR
999 _c3119
_d3119